000 00770nam a2200205 4500
001 140411
003 ES-MaACL
005 20250630001409.0
007 t|
008 070214s1950 sp r ||||1| spa d
100 1 _aSegura Covarsí, Enrique.
_9105216
245 1 0 _aNebrija y D. Juan de Zúñiga
_b: (el último Maestre de la Orden de Alcántara) /
_cpor E. Segura Covarsí.
260 _aBadajoz :
_b[s. n.],
_c1950.
300 _a35 p. ;
_c26 cm.
500 _aPrecede al tít.: Diputación Provincial de Badajoz. Institución de Servicios Culturales.
500 _aSeparata de: Revista de Estudios Extremeños.
710 1 _aBadajoz (Provincia).
_bDiputación Provincial
_92081
852 _aES-MaACL
_j1915-F-8
_bR.30090
999 _c140411
_d140411